00529nam a2200157Ia 4500003000400000008004100004040001600045082002200061100002200083245008500105260005100190300001100241490005600252650001900308650004400327GCL140319s9999 xx 000 0 ara d aGCL / cGCL04a621.381954bا ص1 aامين فهمى10aصيانة واصلاح اعطال الكمبيوتر ج1 / cامين فهمى a[S.N] : bدار الراتب الجامعية a362 ص aالورشة الفنية الالكترونيةv004aالصيانة04aالحاسبات الالكترونية